Management & Business Research

Gespeichert in:
Bibliographische Detailangaben
1. Verfasser: Easterby-Smith, Mark
Weitere Verfasser: Thorpe, Richard, Jackson, Paul R., Jaspersen, Lena J.
Format: Buch
Sprache:Englisch
Veröffentlicht: London SAGE 2018
Ausgabe:6th Edition
Schlagworte:
Tags: Tag hinzufügen
Keine Tags, Fügen Sie das erste Tag hinzu!

MARC

LEADER 00000nam a2200000 4500
001 0243899
005 20240221112944.5
020 |a 978-1-5264-2479-2 
020 |a 978-1-5264-2480-8 
020 |a 978-1-5264-4695-4 
041 0 |a eng 
044 |a US 
245 1 0 |a Management & Business Research  |c Mark Easterby-Smith, Richard Thorpe, Paul R. Jackson, Lena J. Jaspersen 
250 |a 6th Edition 
264 1 |a London  |b SAGE  |c 2018 
300 |a 440 s. 
610 2 0 |a výskum podnikový 
610 2 0 |a riadenie 
610 2 0 |a metódy výskumu 
610 2 0 |a výber pracovníkov 
610 2 0 |a skupiny pracovné 
610 2 0 |a zber dát 
610 2 0 |a analýza dát 
610 2 0 |a knihy elektronické 
100 1 |a Easterby-Smith, Mark 
700 1 |a Thorpe, Richard 
700 1 |a Jackson, Paul R. 
700 1 |a Jaspersen, Lena J.